000 00584pab a2200205 454500
008 180718b2005 xxu||||| |||| 00| 0 eng d
100 _aHuman, Sherrie E.
245 _aStudent online self-assessment: structuring individual-level learning in a new venture creation course
260 _c2005
300 _ap.111-34.
362 _aFeb
650 _aEvaluation methods
650 _aLearning
650 _aStudents
650 _aManagement education
700 _aBaucus, Melissa S.
700 _aClark, Thomas
773 _aJournal of Management Education
909 _a63982
999 _c63982
_d63982